[Event "Canadian op"]
[Site "Sault Ste Marie"]
[Date "2017.07.10"]
[Round "3"]
[White "Shen, Christopher Y"]
[Black "Sundar, Avinash"]
[Result "1-0"]
[WhiteElo "2165"]
[BlackElo "2073"]
[PlyCount "73"]
[EventDate "2017.07.08"]
[EventType "swiss"]
[EventRounds "9"]
[EventCountry "CAN"]
[SourceTitle "EXT 2018"]
[Source "ChessBase"]
[SourceDate "2017.10.13"]
[SourceVersion "1"]
[SourceVersionDate "2017.10.13"]
[SourceQuality "1"]

1. c4 Nf6 2. g3 e6 3. Bg2 d5 4. Nf3 Bd6 5. d4 0-0 6. 0-0 c6 7. b3 Re8 8. Bb2 b6 9. Nc3 Bb7 10. Re1 c5 11. cxd5 exd5 12. dxc5 bxc5 13. e3 Na6 14. Rc1 Qa5 15. Nh4 Rad8 16. Na4 Be5 17. Bxe5 Rxe5 18. Qc2 Ne4 19. Qb2 d4 20. exd4 cxd4 21. Nf3 Rf5 22. Nh4 Rxf2 23. Qb1 Rxg2+ 24. Nxg2 Nd2 25. Qd3 Nf3+ 26. Kf2 Nxe1 27. Nxe1 Nb4 28. Qd2 Qf5+ 29. Kg1 Ba6 30. Ng2 Nd3 31. Rf1 Qe4 32. Qa5 Rd6 33. Qc7 Qd5 34. Nc5 Nxc5 35. Nf4 Ne6 36. Qe7 g6 37. Nxd5 1-0

[Event "Guelph Fall ProAm"]
[Site "Guelph"]
[Date "2011.11.06"]
[Round "4"]
[White "Sundar, Avinash"]
[Black "Plotkin, Victor"]
[Result "0-1"]
[WhiteElo "2242"]
[BlackElo "2377"]
[PlyCount "70"]
[EventDate "2011.11.05"]
[EventType "swiss"]
[EventRounds "5"]
[EventCountry "CAN"]
[SourceTitle "EXT 2022"]
[Source "ChessBase"]
[SourceDate "2021.10.06"]
[SourceVersion "1"]
[SourceVersionDate "2021.10.06"]
[SourceQuality "1"]

1. Nf3 Nf6 2. g3 d5 3. d4 c6 4. Bg2 Bf5 5. 0-0 h6 6. Nbd2 Nbd7 7. c4 e6 8. b3 Be7 9. Bb2 0-0 10. Ne5 Qb6 11. e4 dxe4 12. Nxe4 Rfd8 13. Nxf6+ Nxf6 14. h4 Nd7 15. Ng4 a5 16. Ne3 Bg6 17. Qf3 Nf6 18. Ng4 Nxg4 19. Qxg4 Bf6 20. Rad1 a4 21. c5 Qb4 22. Rc1 axb3 23. a3 Qa4 24. Rfd1 Rd7 25. Bf1 Bc2 26. Rd2 Rad8 27. Re1 Bxd4 28. Kh2 Qa5 29. Rxd4 Rxd4 30. Bxd4 Rxd4 31. Qxd4 Qxe1 32. Qd8+ Kh7 33. Bd3+ f5 34. h5 Bxd3 35. Qxd3 b2 0-1

[Event "Guelph Fall ProAm"]
[Site "Guelph"]
[Date "2011.11.05"]
[Round "1"]
[White "Plotkin, Mark"]
[Black "Sundar, Avinash"]
[Result "1/2-1/2"]
[WhiteElo "1912"]
[BlackElo "2242"]
[PlyCount "93"]
[EventDate "2011.11.05"]
[EventType "swiss"]
[EventRounds "5"]
[EventCountry "CAN"]
[SourceTitle "EXT 2022"]
[Source "ChessBase"]
[SourceDate "2021.10.06"]
[SourceVersion "1"]
[SourceVersionDate "2021.10.06"]
[SourceQuality "1"]

1. e4 c5 2. Nf3 Nc6 3. c3 d5 4. exd5 Qxd5 5. d4 Bg4 6. Be2 e6 7. Be3 cxd4 8. cxd4 Nf6 9. Nc3 Bb4 10. 0-0 Qa5 11. Qb3 0-0 12. a3 Bxc3 13. bxc3 Qc7 14. h3 Bh5 15. Rac1 Rfd8 16. Rfd1 Nd5 17. c4 Nxe3 18. Qxe3 Rd6 19. d5 Ne7 20. Nd4 Bxe2 21. Qxe2 Qc5 22. Nb5 Rb6 23. d6 Ng6 24. Qe3 Qxe3 25. fxe3 a6 26. Na7 Ne5 27. c5 Rb3 28. d7 Rd8 29. c6 bxc6 30. Nxc6 Nxc6 31. Rxc6 Kf8 32. Rxa6 Rxe3 33. a4 Ke7 34. Ra7 Ra3 35. a5 h5 36. a6 g5 37. Rd2 g4 38. hxg4 hxg4 39. Kf2 f5 40. Ke2 e5 41. g3 Ke6 42. Rd3 Ra2+ 43. Rd2 f4 44. Kf2 Ra3 45. gxf4 exf4 46. Re2+ Kd6 47. Rd2+ 1/2-1/2

[Event "CAN-ch Post-Secondary A"]
[Site "Waterloo"]
[Date "2011.01.16"]
[Round "3.2"]
[White "Sundar, Avinash"]
[Black "Hambleton, Aman"]
[Result "1-0"]
[WhiteElo "2228"]
[BlackElo "2386"]
[PlyCount "72"]
[EventDate "2011.01.15"]
[EventType "swiss"]
[EventRounds "4"]
[EventCountry "CAN"]
[SourceTitle "EXT 2022"]
[Source "ChessBase"]
[SourceDate "2021.10.06"]
[SourceVersion "1"]
[SourceVersionDate "2021.10.06"]
[SourceQuality "1"]

1. Nf3 Nf6 2. c4 c5 3. Nc3 e6 4. d4 cxd4 5. Nxd4 a6 6. e4 d6 7. Be2 Nbd7 8. 0-0 Qc7 9. Qd3 b6 10. f4 Bb7 11. f5 Nc5 12. Qe3 e5 13. Nd5 Nxd5 14. exd5 Be7 15. Nb3 h6 16. Qg3 Bf6 17. Be3 a5 18. Bxc5 bxc5 19. Nd2 a4 20. Ne4 Ke7 21. Rab1 Rhb8 22. Rf3 Bc8 23. Qf2 Bd7 24. g4 Kf8 25. h4 Qd8 26. Rh3 Ke7 27. g5 hxg5 28. hxg5 Qg8 29. Kh2 Bxg5 30. Nxg5 Rb4 31. Ne4 f6 32. Nxc5 Rab8 33. Nxd7 Kxd7 34. b3 g6 35. fxg6 Qxg6 36. Bd3 Qg5 1-0

[Event "CAN-ch Post-Secondary A"]
[Site "Waterloo"]
[Date "2011.01.15"]
[Round "2.2"]
[White "Xu, Haizhou"]
[Black "Sundar, Avinash"]
[Result "1/2-1/2"]
[WhiteElo "2041"]
[BlackElo "2228"]
[PlyCount "70"]
[EventDate "2011.01.15"]
[EventType "swiss"]
[EventRounds "4"]
[EventCountry "CAN"]
[SourceTitle "EXT 2022"]
[Source "ChessBase"]
[SourceDate "2021.10.06"]
[SourceVersion "1"]
[SourceVersionDate "2021.10.06"]
[SourceQuality "1"]

1. e4 c5 2. Nf3 Nc6 3. d3 e6 4. g3 d5 5. Nbd2 Nf6 6. Bg2 Be7 7. 0-0 0-0 8. c3 Rb8 9. a3 b5 10. Re1 Nd7 11. exd5 exd5 12. Qb3 Nf6 13. Ne5 Nxe5 14. Rxe5 Bd6 15. Re1 Be6 16. Nf3 d4 17. Qc2 dxc3 18. bxc3 h6 19. d4 Bd5 20. Ne5 Bxg2 21. Kxg2 Qc8 22. Qd3 Rd8 23. Bb2 Qb7+ 24. Qf3 Qxf3+ 25. Kxf3 Rbc8 26. Rac1 c4 27. Ng4 Nd5 28. Ne3 Nb6 29. Nc2 g5 30. Rb1 Nd5 31. Ne3 Ne7 32. Kg4 Kh7 33. h4 gxh4 34. Kxh4 Kg6 35. Kg4 h5+ 1/2-1/2

[Event "CAN-ch U16"]
[Site "Victoria"]
[Date "2009.07.23"]
[Round "6"]
[White "Sundar, Avinash"]
[Black "Szalay, Karoly"]
[Result "1/2-1/2"]
[WhiteElo "2238"]
[BlackElo "2273"]
[PlyCount "62"]
[EventDate "2009.07.21"]
[EventType "swiss"]
[EventRounds "7"]
[EventCountry "CAN"]
[SourceTitle "EXT 2011"]
[Source "ChessBase"]
[SourceDate "2010.11.26"]
[SourceVersion "1"]
[SourceVersionDate "2010.11.26"]
[SourceQuality "1"]

1. c4 e6 2. Nf3 d5 3. g3 Nf6 4. Bg2 Be7 5. 0-0 0-0 6. Qc2 b6 7. d3 c5 8. Nbd2 Nc6 9. a3 Bb7 10. b3 Qc7 11. Bb2 Rad8 12. Rac1 d4 13. e3 dxe3 14. fxe3 Ng4 15. Rce1 Bf6 16. Bxf6 Nxf6 17. Ng5 Rd7 18. Nde4 Nxe4 19. Bxe4 h6 20. Nf3 Rfd8 21. Rd1 f5 22. Bxc6 Bxc6 23. Qc3 Bxf3 24. Rxf3 Qd6 25. Kf2 Qe7 26. Ke2 g6 27. Qe5 Rd6 28. e4 Qg7 29. Qxg7+ Kxg7 30. Re3 R8d7 31. b4 Kf7 1/2-1/2

[Event "CAN-ch U16"]
[Site "Victoria"]
[Date "2009.07.21"]
[Round "2"]
[White "Sundar, Avinash"]
[Black "Kleinman, Michael"]
[Result "1/2-1/2"]
[WhiteElo "2238"]
[BlackElo "2121"]
[PlyCount "72"]
[EventDate "2009.07.21"]
[EventType "swiss"]
[EventRounds "7"]
[EventCountry "CAN"]
[SourceTitle "EXT 2011"]
[Source "ChessBase"]
[SourceDate "2010.11.26"]
[SourceVersion "1"]
[SourceVersionDate "2010.11.26"]
[SourceQuality "1"]

1. Nf3 g6 2. g3 Bg7 3. Bg2 Nf6 4. 0-0 0-0 5. c4 d5 6. d4 dxc4 7. Ne5 Nfd7 8. Nxc4 Nb6 9. Nxb6 axb6 10. e3 c6 11. Nd2 Be6 12. Qc2 Na6 13. a3 b5 14. Nf3 Qb6 15. Rd1 Rfd8 16. Bd2 c5 17. Bc3 b4 18. Be1 Rac8 19. Qe2 Bb3 20. Rdc1 bxa3 21. bxa3 cxd4 22. Nxd4 Rxc1 23. Rxc1 Ba4 24. Qc4 Qb2 25. Ba5 b5 26. Qc3 Bxd4 27. exd4 Qxc3 28. Rxc3 Rd6 29. Rc8+ Kg7 30. Ra8 b4 31. axb4 Rxd4 32. Bf3 Nxb4 33. Bb6 Rd6 34. Bc5 Bc6 35. Ra3 Rd3 36. Rxd3 Nxd3 1/2-1/2

[Event "Canadian op"]
[Site "Edmonton"]
[Date "2009.07.17"]
[Round "7.16"]
[White "Sundar, Avinash"]
[Black "Piasetski, Leon David"]
[Result "1/2-1/2"]
[WhiteElo "2210"]
[BlackElo "2406"]
[PlyCount "50"]
[EventDate "2009.07.11"]
[EventType "swiss"]
[EventRounds "9"]
[EventCountry "CAN"]
[SourceTitle "EXT 2022"]
[Source "ChessBase"]
[SourceDate "2021.10.06"]
[SourceVersion "1"]
[SourceVersionDate "2021.10.06"]
[SourceQuality "1"]

1. Nf3 f5 2. c4 Nf6 3. Nc3 g6 4. g3 Bg7 5. Bg2 0-0 6. 0-0 d6 7. d4 Qe8 8. d5 c6 9. Nd4 Kh8 10. e3 Bd7 11. b3 Na6 12. Bb2 Rb8 13. Rc1 Nc7 14. a4 a6 15. b4 e5 16. dxe6 Bxe6 17. Nxe6 Qxe6 18. Qe2 Ng4 19. b5 Ne5 20. Nb1 axb5 21. axb5 Ra8 22. bxc6 bxc6 23. Bd4 Rfb8 24. h3 Ra6 25. Nd2 Qe8 1/2-1/2

[Event "Canadian op"]
[Site "Edmonton"]
[Date "2009.07.16"]
[Round "6.29"]
[White "Abrahams, Daniel"]
[Black "Sundar, Avinash"]
[Result "0-1"]
[WhiteElo "2027"]
[BlackElo "2210"]
[PlyCount "40"]
[EventDate "2009.07.11"]
[EventType "swiss"]
[EventRounds "9"]
[EventCountry "CAN"]
[SourceTitle "EXT 2022"]
[Source "ChessBase"]
[SourceDate "2021.10.06"]
[SourceVersion "1"]
[SourceVersionDate "2021.10.06"]
[SourceQuality "1"]

1. e4 c5 2. Nf3 d6 3. d4 cxd4 4. Nxd4 Nf6 5. Nc3 g6 6. Bd3 Bg7 7. 0-0 0-0 8. Kh1 Nc6 9. Nde2 d5 10. exd5 Nxd5 11. Nxd5 Qxd5 12. Nc3 Qa5 13. Be3 Ne5 14. Qd2 Rd8 15. Rfd1 Nc4 16. Qc1 Nxb2 17. Qxb2 Bxc3 18. Qb3 Bxa1 19. Rxa1 Qd5 20. Qc3 Bf5 0-1

[Event "CAN-ch"]
[Site "Kitchener"]
[Date "2007.08.05"]
[Round "8"]
[White "Sundar, Avinash"]
[Black "Jung, Hans Rudolf"]
[Result "0-1"]
[WhiteElo "2086"]
[BlackElo "2185"]
[PlyCount "72"]
[EventDate "2007.08.01"]
[EventType "swiss"]
[EventRounds "9"]
[EventCountry "CAN"]
[SourceTitle "EXT 2022"]
[Source "ChessBase"]
[SourceDate "2021.10.06"]
[SourceVersion "1"]
[SourceVersionDate "2021.10.06"]
[SourceQuality "1"]

1. c4 d6 2. Nc3 e5 3. g3 f5 4. Bg2 g6 5. d3 Bg7 6. Nf3 Ne7 7. 0-0 0-0 8. Bg5 h6 9. Bxe7 Qxe7 10. Nd2 c6 11. Rb1 Nd7 12. Qc2 Nf6 13. b4 Be6 14. b5 d5 15. bxc6 bxc6 16. Qa4 Qd6 17. Rfd1 d4 18. Nb5 cxb5 19. Rxb5 Bd7 20. Qb3 Kh7 21. Ra5 Rae8 22. Qb7 Bc8 23. Qxa7 e4 24. Rb5 e3 25. fxe3 Ng4 26. e4 Qf6 27. Rf1 Re7 28. Qa5 Ne3 29. Rf4 g5 30. Rf2 Nxg2 31. Kxg2 f4 32. h3 Qf7 33. Qb4 Bxh3+ 34. Kxh3 Qh5+ 35. Kg2 fxg3 36. Rf3 Qh2+ 0-1

[Event "CAN-ch"]
[Site "Kitchener"]
[Date "2007.08.03"]
[Round "6"]
[White "Sundar, Avinash"]
[Black "Kazmaier, Daniel"]
[Result "1-0"]
[WhiteElo "2086"]
[BlackElo "2174"]
[PlyCount "65"]
[EventDate "2007.08.01"]
[EventType "swiss"]
[EventRounds "9"]
[EventCountry "CAN"]
[SourceTitle "EXT 2022"]
[Source "ChessBase"]
[SourceDate "2021.10.06"]
[SourceVersion "1"]
[SourceVersionDate "2021.10.06"]
[SourceQuality "1"]

1. c4 f5 2. Nc3 Nf6 3. d3 e5 4. g3 c6 5. Bg2 Be7 6. Nf3 d6 7. 0-0 0-0 8. Rb1 a5 9. a3 Na6 10. b4 axb4 11. axb4 e4 12. dxe4 fxe4 13. Nd4 d5 14. b5 Nb4 15. bxc6 bxc6 16. cxd5 cxd5 17. Qb3 Kh8 18. Ba3 Rxa3 19. Qxa3 Nd3 20. Qa8 Ne5 21. Rb8 Bd6 22. Ne6 Qe8 23. Nxf8 Bxb8 24. Qxb8 Kg8 25. Ra1 e3 26. f4 Nc6 27. Qd6 Ne7 28. Ra7 Kxf8 29. Nxd5 Nfg8 30. Nxe7 Nxe7 31. Bd5 Bh3 32. Ra8 Bc8 33. Be6 1-0

[Event "CAN-ch"]
[Site "Kitchener"]
[Date "2007.08.01"]
[Round "1"]
[White "Sundar, Avinash"]
[Black "Panjwani, Raja"]
[Result "0-1"]
[WhiteElo "2086"]
[BlackElo "2283"]
[PlyCount "84"]
[EventDate "2007.08.01"]
[EventType "swiss"]
[EventRounds "9"]
[EventCountry "CAN"]
[SourceTitle "EXT 2022"]
[Source "ChessBase"]
[SourceDate "2021.10.06"]
[SourceVersion "1"]
[SourceVersionDate "2021.10.06"]
[SourceQuality "1"]

1. c4 b6 2. Nc3 Bb7 3. Nf3 c5 4. g3 Bxf3 5. exf3 Nc6 6. Bg2 g6 7. 0-0 Bg7 8. Rb1 Nh6 9. Nd5 Nf5 10. d3 0-0 11. f4 Rc8 12. a3 d6 13. b4 Qd7 14. Bh3 e6 15. Ne3 Nce7 16. Bb2 Bxb2 17. Rxb2 Nd4 18. Bg2 Rfd8 19. b5 Nef5 20. Qd2 Qe7 21. Re1 Qf6 22. Rbb1 h5 23. h3 Rc7 24. a4 Ne7 25. a5 h4 26. Nc2 Nxc2 27. Qxc2 d5 28. axb6 axb6 29. Kh2 Rcd7 30. Rbd1 Qd4 31. cxd5 Nxd5 32. Re4 Qc3 33. Qa4 Qf6 34. Rc4 hxg3+ 35. fxg3 Ne3 36. Be4 Qb2+ 37. Kg1 Nxc4 38. Qxc4 Rd4 39. Qc1 Qxc1 40. Rxc1 f5 41. Bc6 Rxd3 42. g4 Rd1+ 0-1